000
00314nam a22001217a 4500
020
_a
9788177541984
020
_a
8177541986
082
_a
633.082
_b
SAh/AG
100
_a
Sahu, D.D
245
_a
Agrometeorology and remote sensing; principles and practices
260
_a
Jodhpur
_b
Agrobios (India)
_c
2010
942
_c
BK
999
_c
13799
_d
13799